¿Existió o no? - Estadísticas

Estadísticas generales
  • Esta prueba ha sido intentada 80 veces
  • La puntuación promedio es 7 de 20
Answers on the Grid
Answers color-coded by a green-red scale on the quiz's grid according to % correct below.
Gran Colombia
Reino de Valdaria
Reino de Ostermark
Zanzibar
Federacion Arabe
Republica de Eslenia
Cascadia
Imperio de Trebisonda
Republica de Texas
Norvalia
Reino de Buganda
Livonia
Nueva Granada
Rutenia Oriental
Manchukuo
Qadramir
Republica de Velkaria
Ardenia
Principado de Morvain
Transjordania
Kanem-Bornu
Reino de Navarra
Republica de Ragusa
Karovia
Sarmatia Occidental
Valkhor
Imperio Songhai
Checoslovaquia
Yugoslavia
Prusia
Reino Unido de Báltica
Republica de Severia
Almaria
Montaria
Reino de Dravonia
Vesperia
Biafra
Ruthenia Nova
Sikkim
Reino de Aksum
 
Estadísticas de respuestas
Respuesta % Correcto
Checoslovaquia
74%
Prusia
74%
Yugoslavia
74%
Zanzibar
66%
Reino de Navarra
63%
Gran Colombia
60%
Nueva Granada
51%
Republica de Texas
49%
Transjordania
40%
Livonia
20%
Federacion Arabe
17%
Manchukuo
17%
Imperio de Trebisonda
14%
Imperio Songhai
14%
Reino de Aksum
14%
Republica de Ragusa
11%
Biafra
9%
Reino de Buganda
9%
Sikkim
9%
Kanem-Bornu
3%
No se encontraron pruebas coincidentes
Distribución de puntuación
Porcentaje de gente con cada puntuación
Porcentaje por número respondido
Historial de tus puntuaciones
No has intentado esta prueba.